| 000 | 00456nam a2200157Ia 4500 | ||
|---|---|---|---|
| 005 | 20250306042826.0 | ||
| 008 | 240331s9999 xx 000 0 und d | ||
| 082 |
_bKOM _22607 _a920 |
||
| 100 | _aKomethakavelu, M. K | ||
| 245 | 0 |
_aSinthanaiyalar Russo : _bSinthanaiyalar Varisai - 4 |
|
| 250 | _a5th Edition | ||
| 260 |
_aChennai _bPrema Pirasuram _c1994 |
||
| 300 | _a112 p., | ||
| 500 | _aBiography of Genevan philosopher, writer and composer | ||
| 942 | _cL | ||
| 999 |
_c4262 _d4262 |
||